000 00696nam a2200217Ia 4500
003 OSt
005 20220923221842.0
006 a|||||r|||| 00| 0
007 ta
008 220922b |||||||| |||| 00| 0 hin d
024 _a200,496
037 _cTextual
040 _aARTS
_cARTS
_bhin
041 _2hin
_ahin
082 _aQ8441:332xK66, 152K9
100 _aजौहर, सुरिन्द्र सिंह
245 0 _aगुरु गोविन्द सिंह जीवनी
246 _aGuru govinda sianha jīvanī
942 _hQ8441:332xK66, 152K9
_cTEXL
_2CC
999 _c352168
_d352168